01461cam a22003251a 4500001001300000003000400013005001700017008004100034010001700075035001900092040002800111042001200139043001200151050002400163070002100187072000900208086001500217245017400232260008500406300002000491490007800511500001700589500011600606500002000722650004600742650005600788710007500844710013600919830008001055agr65000353 DLC20260227111024.0750120s1965 dcu s f000 0 eng  aagr65000353  a(OCoLC)1145544 aDLCcNhDdDNALdUUdDLC apremarc an-us---00aHD1751b.A5 no. 3620 a1bAg84St no.3620 aE7000 aA 1.34:36200aConversion factors and weights and measures for agricultural commodities and their products /c[compiled by a Task Force on Conversion Factors and Weights and Measures]. aWashington, D.C. :bU.S. Dept. of Agriculture, Economic Research Service,c1965. a87 p. ;c26 cm.1 aStatistical bulletin / United States Department of Agriculture ;vno. 362 aCover title. aRevision of earlier report by U.S. Production and Marketing Administration, published in 1952 under same title. aChiefly tables. 0aProduce tradezUnited StatesvStatistics. 0aFood industry and tradezUnited StatesvStatistics.1 aUnited States.bDepartment of Agriculture.bEconomic Research Service.1 aUnited States.bProduction and Marketing Administration.tConversion factors and weights and measures for agricultural commodities. 0aStatistical bulletin (United States. Department of Agriculture) ;vno. 362.